Score 0/11 Timer 02:00
1 Play Today
Clue 4-Letter Word % Correct
What one pays at a booth on the highwayTOLL
94.1%
'Daddy Day ___'CARE
93.4%
A baseball hit out of the baselinesFOUL
93.2%
Type of music related to gospel and R&BSOUL
89.4%
'Long ___ Sally'TALL
83.7%
Make an equal bet in poker to see the handCALL
82.9%
Runner Lewis or actor WeathersCARL
80.7%
To work hard at somethingTOIL
72.2%
A type of fencing swordFOIL
71.2%
An option for the entrée course of a multi-course mealSOUP
69.8%
An option for the dessert course of a multi-course mealCAKE
69.1%

Today's Daily Dose

Remove Ads.
Support Sporcle.
Get the best of Sporcle when you Go Orange. This ad-free experience offers more features, more stats, and more fun while also helping to support Sporcle. Thank you for becoming a member.

You're not logged in!

Compare scores with friends on all Sporcle quizzes.
OR
Log In

Show Comments

Extras

Top Quizzes Today


Score Distribution

Your Account Isn't Verified!

In order to create a playlist on Sporcle, you need to verify the email address you used during registration. Go to your Sporcle Settings to finish the process.

Report this User

Report this user for behavior that violates our Community Guidelines.

Details: